(Record no. 190348)
[ view plain ]
| 000 -LEADER | |
|---|---|
| fixed length control field | 00488nam a2200145Ia 4500 |
| 041 ## - LANGUAGE CODE | |
| Language code of text/sound track or separate title | Arabic |
| 082 ## - DEWEY DECIMAL CLASSIFICATION NUMBER | |
| Classification number | 307.09 cut-926 خ |
| 100 ## - MAIN ENTRY--PERSONAL NAME | |
| Personal name | 20260118u\\\\\\\\\\\y0engy0103\\\\ba |
| Personal name | كمال خياط |
| 245 #0 - TITLE STATEMENT | |
| Title | الواقع الاقتصادي الاجتماعي لمحافظة السليمانية 2000 |
| 250 ## - EDITION STATEMENT | |
| Edition statement | ط1 |
| 260 ## - PUBLICATION, DISTRIBUTION, ETC. (IMPRINT) | |
| Name of publisher, distributor, etc | مكتب الفكر والوعي في الاتحاد الوطني |
| Place of publication, distribution, etc | السليمانية - العراق |
| 300 ## - PHYSICAL DESCRIPTION | |
| Extent | 200 |
| 942 ## - ADDED ENTRY ELEMENTS (KOHA) | |
| Koha item type | Books |
No items available.